00752nam a2200157Ia 4500008004100000020001800041100002100059245016400080260004300244300004800287500002100335650004100356650004800397999001900445952013000464191209s9999 xx 000 0 und d a0-470-80823-3 aAlfredson, Keith cKeith Alfredson, Ken Leo, Ruth Picker, Paul Pacter, Jennie Radford, Victoria Wise.--aApplying International Financial Reporting Standards bEnhanced Edition / aSingapore : bJohn Wileys & Sonsc2007 a1235pages :bcolored illustrationsc25 cm. aIncludes index. a Financial statements -- Standards. aInternational Financial Reporting Standards c362868d362868 00102lcc40aSFUbSISFU-SCcNULLd2019-12-09eDONATIONl0oHF 5626 .Al392 2007pSFU0480r2019-12-09 00:00:00w2019-12-09yBK